Lexikon der schweizer literaturen /

Guardado en:
Autor Principal: Walzer, Pierre-olivier
Formato: Libro
Publicado: Zurich : Lenos Verlag, 1991
Materias:
Etiquetas: Agregar Etiqueta
Sin Etiquetas, Sea el primero en etiquetar este registro!
LEADER 00580nam a22001935a 4500
001 EHU.bham024009
003 AR-BHAM
005 20090408145253.0
008 130507s1991##################000#0#####d
082 C 8 |a 809.8949 
100 1 |a Walzer, Pierre-olivier 
245 1 0 |a Lexikon der schweizer literaturen /  |c Pierre-olivier Walzer 
260 |a Zurich :  |b Lenos Verlag,  |c 1991 
300 |a 520 p. 
500 |a Textos En Aleman, Frances E Italiano 
653 |a Diccionarios 
653 |a Literatura suiza 
653 |a Literatura suiza-diccionario 
859 |a AR-BHAM  |h 809.8949  |i W163  |k C  |p 555.01  |t Ej.1